000 01319cam a22003495a 4500
003 EG-ScBUE
005 20220605094845.0
008 110920s2010 enka f 000 0 eng d
020 _a0230033091
020 _a9780230033092
040 _aEG-ScBUE
_beng
_erda
_cEG-ScBUE
_dEG-ScBUE
082 0 4 _a428.24076
_bCLA
_222
100 1 _aClandfield, Lindsay,
_eauthor.
_927030
245 1 0 _aGlobal,
_pPre-Intermediate,
_pCoursebook /
_cLindsay Clanfield , with addiotional material by Amanda Jeffries.
246 3 0 _aPre-Intermediate
246 3 0 _aCoursebook
264 1 _aOxford :
_bMacmillan Education,
_c2010.
300 _a158 pages :
_bcolor illustrations ;
_c30 cm.
336 _2rdacontent
_atext
_btxt
337 _2rdamedia
_aunmediated
_bn
338 _2rdacarrier
_avolume
_bnc
490 0 _aCommon European framework
521 _aGrade level for audience : A2 - BI
650 7 _aEnglish language
_vTextbooks for foreign speakers.
_2BUEsh
_910201
650 7 _aEnglish language
_xStudy and teaching
_vTextbooks for foreign speakers.
_2BUEsh
_912671
650 7 _aEnglish language
_xStudy and teaching
_vProblems, exercises, etc.
_2BUEsh
651 _2BUEsh
653 _bHHUUEENN
_cAugust2015
_cOctober2018
655 _vReading book
_934232
700 1 _aJeffries, Amanda,
_econtributor.
_927031
942 _2ddc
_cBB
999 _c16080
_d16080